000 00217 a2200097 4500
001 13759
100 _aTaylor A
245 _aThe Man and the Statements
260 _aLondon
_bHamish Hamilton
_c
090 _c10753
_d10753
942 _aNUST-CAE
_cM
_c840
999 _c248832
_d248832